El diario de Agustín : cinco estudios de casos sobre El Mercurio y los derechos humanos (1973-1990) /

El texto, cuya investigación formó parte del documental del mismo nombre, recoge testimonios de más de cien entrevistados, entre altos ejecutivos y editores actuales y pasados del diario El Mercurio, así como miembros de su consejo editorial, periodistas, abogados de derechos humanos y sacerdotes qu...

Full description

Bibliographic Details
Other Authors: Lagos Lira, Claudia (ed.), Dougnac, Paulette
Format: Libro
Language:Spanish
Published: Santiago, Chile LOM 2009
Edition:1a. ed.
Series:Nuevo periodismo
Subjects:
Online Access:

MARC

LEADER 00000cam a2200000 a 4500
001 000658
003 UAHC_CL
005 20170803115645.0
008 100422s2009 cl 000 spa
020 |a 9789560000637 
040 |a UAHC_CL  |c UAHC_CL  |d UAHC_CL 
082 0 4 |a 079.83  |b D539  |2 20 
245 1 3 |a El diario de Agustín :  |b cinco estudios de casos sobre El Mercurio y los derechos humanos (1973-1990) /  |c Paulette Dougnac É[et al.] ; Claudia Lagos (editora). 
246 2 |a Cinco estudios de casos sobre El Mercurio y los derechos humanos (1973-1990) 
250 |a 1a. ed. 
260 |b LOM  |a Santiago, Chile  |c 2009 
300 |a 378 p. 
490 0 |a Nuevo periodismo 
505 0 |a Mercurio: más pesado que el plomo -- Periodismo en tiempos de excepción -- El Mercurio y El Plan Z: El periodismo no ha tenido lugar -- La prensa sin fe de erratas: El caso de los 119 según El Mercurio -- El crimen de Carmelo Soria travestido en caso policial -- El silencio es la pauta. Los desaparecidos de Lonquén en las páginas de El Mercurio (1978-1979) -- Los derechos humanos bajo la lupa de El Decano en dos momentos: 1975 y 1987. 
520 |a El texto, cuya investigación formó parte del documental del mismo nombre, recoge testimonios de más de cien entrevistados, entre altos ejecutivos y editores actuales y pasados del diario El Mercurio, así como miembros de su consejo editorial, periodistas, abogados de derechos humanos y sacerdotes que participaron activamente en la Vicaría de la Solidaridad, ex asesores de la dictadura, entre otros. La mayoría entregó su testimonio on the record, es decir, dando su nombre. Se trata del primer intento por indagar en profundidad el rol, por acción y omisión, de El Mercurio en la cobertura de violaciones a los derechos humanos durante la dictadura militar (1973-1990). 
600 1 4 |a Edwards E., Agustín 
630 0 4 |a El Mercurio (Diario : Santiago, Chile) 
650 4 |a PERIODISMO POLITICO  |z CHILE 
650 4 |a DIARIOS CHILENOS  |x HISTORIA 
650 4 |a DERECHOS HUMANOS  |z CHILE  |y 1973- 
650 4 |a DELITOS POLITICOS  |z CHILE  |y 1973- 
653 |a PERIODISMO 
700 1 |a Lagos Lira, Claudia  |e ed. 
700 1 |a Dougnac, Paulette 
900 |a 079.83 DIA 
942 |c BK 
952 |0 0  |1 0  |4 0  |6 079_830000000000000_DIA  |7 0  |8 General  |9 1170  |a BC  |b BC  |c General  |d 2017-08-03  |l 0  |o 079.83 DIA  |p 1378038  |r 2026-01-07 00:00:00  |t 1  |w 2017-08-03  |y BK 
999 |c 658  |d 658